000 00501nam a2200205Ia 4500
003 OSt
005 20140321095936.0
008 140130s9999 xx 000 0 und d
020 _a051627788X
050 _aPZ 8.3
_b.R232My 2003
100 _aRau, Dana Meachen
245 _cDana Meachen Rau
_aMy special space /
260 _bScholastic,
_c2003.
_aNew York :
300 _a31 p. :
_bcol. ill. ;
_c19 cm.
440 _v1
521 _aG1
526 _c260
942 _cBK
_2lcc
999 _c40062
_d40062